000 00598nam a2200181 i 4500
001 26195
003 ES-MaACL
005 20230906153412.0
007 t|
008 030108s1968 sp ||||1| spa d
100 1 _aAronson, Theo.
_923162
245 1 0 _aVenganza real
_b: la coronación de España 1829-1968 : con un apéndice 1966-1968 /
_cTheo Aronson ; [Traducido por Enrique de Obregón].
250 _a[1ª ed.].
260 _aBarcelona, etc. :
_bGrijalbo,
_c[1968]
300 _a270 p., 8 lám. ;
_c20 cm.
700 1 _aObregón, Enrique de.
_986425
852 _aES-MaACL
_jC-50893
_bR.66477
999 _c26195
_d26195